000 00443nam a2200193Ia 4500
005 20240823033053.0
008 240823s9999||||xx |||||||||||||| ||und||
020 _a81-239-0887-3
041 _aENGLISH
082 _A550 P2
100 _aLahee F.H
245 0 _aField Geology
250 _a6th
260 _c2002
_b"CBS Publishers & Distributors,New "
500 _aYES
650 _aGeology
_bGeneral
942 _cBK
999 _c194938
_d194938